Modern Indian poetry in english : (Record no. 10252)
[ view plain ]
| 000 -LEADER | |
|---|---|
| fixed length control field | 00555cam a2200205ua 4500 |
| 008 - FIXED-LENGTH DATA ELEMENTS--GENERAL INFORMATION | |
| fixed length control field | 191012n ii |||gr||||Z||||||eng |
| 020 ## - INTERNATIONAL STANDARD BOOK NUMBER | |
| International Standard Book Number | 9780195671971 |
| 040 ## - CATALOGING SOURCE | |
| Transcribing agency | MAIN |
| 041 ## - LANGUAGE CODE | |
| -- | eng |
| 082 ## - DEWEY DECIMAL CLASSIFICATION NUMBER | |
| Classification number | 821.54 |
| 100 ## - MAIN ENTRY--PERSONAL NAME | |
| Personal name | Bruce King . , |
| Relator term | |
| 245 ## - TITLE STATEMENT | |
| Title | Modern Indian poetry in english : |
| Remainder of title | revised edition / |
| Statement of responsibility, etc. | By Bruce King . |
| 250 ## - EDITION STATEMENT | |
| Edition statement | 1st ed / . |
| Remainder of edition statement | 1987. |
| 260 ## - PUBLICATION, DISTRIBUTION, ETC. | |
| Place of publication, distribution, etc. | New Delhi: |
| Name of publisher, distributor, etc. | Oxford University Press, |
| Date of publication, distribution, etc. | 2004. |
| 300 ## - PHYSICAL DESCRIPTION | |
| Extent | 416p. |
| 942 ## - ADDED ENTRY ELEMENTS (KOHA) | |
| Koha item type | Books |
| 653 ## - INDEX TERM--UNCONTROLLED | |
| Uncontrolled term | English poetry |
| 653 ## - INDEX TERM--UNCONTROLLED | |
| Uncontrolled term | Indian poetry in English |
| Withdrawn status | Lost status | Damaged status | Not for loan | Home library | Current library | Shelving location | Date acquired | Total Checkouts | Full call number | Barcode | Date last seen | Copy number | Price effective from | Koha item type |
|---|---|---|---|---|---|---|---|---|---|---|---|---|---|---|
| Central Library, Naharkatiya College | Central Library, Naharkatiya College | General Stacks | 19/09/2020 | 821.54English poetry | KIN | 26924 | 19/09/2020 | 3 | 19/09/2020 | Books | |||||
| Central Library, Naharkatiya College | Central Library, Naharkatiya College | General Stacks | 19/09/2020 | 821.54English poetry | KIN | 27643 | 19/09/2020 | 1 | 19/09/2020 | Books | |||||
| Central Library, Naharkatiya College | Central Library, Naharkatiya College | General Stacks | 19/09/2020 | 821.54English poetry | KIN | 27644 | 19/09/2020 | 2 | 19/09/2020 | Books |
